Ökonomen verändern die Welt Lehren, die unser Leben bestimmen
Saved in:
| Main Author: | |
|---|---|
| Format: | Book |
| Language: | German |
| Published: |
Hamburg
Gruner Verlag
1983
|
| Edition: | 3. Aufl. |
| Series: | Stern Buch
|
| Subjects: | |
| Tags: |
No Tags, Be the first to tag this record!
|
MARC
| LEADER | 00000nam a2200000 4500 | ||
|---|---|---|---|
| 001 | c124657 | ||
| 005 | 20221123135623.9 | ||
| 020 | |a 3-570-07015-8 | ||
| 041 | 0 | |a ger | |
| 044 | |a DE | ||
| 245 | 1 | 0 | |a Ökonomen verändern die Welt |b Lehren, die unser Leben bestimmen |c Paul-Heinz Koesters |
| 250 | |a 3. Aufl. | ||
| 264 | 1 | |a Hamburg |b Gruner Verlag |c 1983 | |
| 300 | |a 272 s. | ||
| 490 | 1 | |a Stern Buch | |
| 830 | 0 | |a Stern Buch | |
| 610 | 2 | 0 | |a veda ekonomická |
| 610 | 2 | 0 | |a ekonómia |
| 610 | 2 | 0 | |a teórie ekonomické |
| 610 | 2 | 0 | |a politika hospodárska |
| 610 | 2 | 0 | |a osobnosť |
| 610 | 2 | 0 | |a Smith, A. |
| 610 | 2 | 0 | |a Ricardo, D. |
| 610 | 2 | 0 | |a Marx, K. |
| 610 | 2 | 0 | |a Hilferding, R. |
| 610 | 2 | 0 | |a Walras, L. |
| 610 | 2 | 0 | |a Pareto, V. |
| 610 | 2 | 0 | |a Weber, M. |
| 610 | 2 | 0 | |a Schumpeter, J.A. |
| 610 | 2 | 0 | |a Eucken, W. |
| 610 | 2 | 0 | |a Keynes, J.M. |
| 610 | 2 | 0 | |a Friedman, M. |
| 610 | 2 | 0 | |a Galbraith, J.K. |
| 100 | 1 | |a Koesters, Paul-Heinz | |